| 000 | 00667nam a2200205Ia 4500 | ||
|---|---|---|---|
| 003 | GCL | ||
| 008 | 140319s9999 xx 000 0 ara d | ||
| 040 |
_aGCL / _cGCL |
||
| 082 | 0 | 4 |
_a953 _bم د |
| 100 | 1 | _aمحمود اسماعيل | |
| 245 | 1 | 0 |
_aدراسات فى الفكر والتاريخ الاسلامى / _cمحمود اسماعيل |
| 300 | _a144 ص | ||
| 490 |
_aالهيئة العامة للاستعلامات _v0 |
||
| 650 | 0 | 4 | _aالتاريخ الاسلامى |
| 650 | 0 | 4 | _aالتاريخ |
| 650 | 0 | 4 | _aالاسلام - تاريخ |
| 650 | 0 | 4 | _aالتاريخ - تدوين |
| 650 | 0 | 4 | _aالعالم العربى - تاريخ |
| 942 |
_2ddc _cBK |
||
| 999 |
_c47929 _d47929 |
||